| 000 | 00664nam a2200205 u 4500 | ||
|---|---|---|---|
| 005 | 20241016063753.0 | ||
| 008 | 121003s2007 es r 000 0 spa d | ||
| 020 | _a9788467516784 | ||
| 035 | _aUPN01000186925 | ||
| 049 | _aI | ||
| 050 | 4 |
_aBF723 S3 _bM6.2 |
|
| 100 | 1 |
_aMoroney, Tracey _932754 |
|
| 245 | 1 | 0 |
_aCuando me siento solo / _cTrace Moroney ; il Trace Moroney ; tr. Teresa Tellechea. |
| 260 |
_aMadrid : _bSM, _c2007. |
||
| 300 |
_a[16] p. : _bprincipalmente il. col. |
||
| 534 |
_pTítulo original: _tWhen i'm feeling lonely |
||
| 650 | 0 |
_aAutoestima en niños _9356 |
|
| 650 | 4 |
_aEmociones en niños _vLiteratura infantil _921332 |
|
| 905 | _aInfantil | ||
| 999 |
_c159028 _d159028 |
||